01292 2200289 4500001002100000005001500021035002000036020002200056082001200078084001800090100003200108245011100140250002000251300003700271650001000308650001200318650002900330700002900359700002500388264004400413336002100457337003000478338002300508008004100531520042100572990000900993INLIS00000000000278020250903083253 a0010-0925000012 a978-602-6847-72-0 a646.407 a646.407 REZ s0 aRezah RachmawatiePengarang1 aSeri Aku Ingin Menjadi Pemilik Butik /cRezah Rachmawati ; penyunting, Alwi Kosasih ; ilustrator, Yam Roni aEdisi Bergambar a33 halaman :bilustrasi ;c24 cm 4aButik 4aPakaian 4aIndustri dan perdagangan0 aAlwi KosasihePenyunting0 aYam RonieIlustrator aJakarta :bEsensi Erlangga Group,c2018 2rdacontentateks 2rdamediaatanpa perantara 2rdacarrieravolume250903 g 0 ind  aBuku ini memperkenalkan profesi pemilik butik sebagai wirausahawan fesyen yang kreatif dan cermat mengikuti tren. Melalui kisah Kikan, anak-anak diajak memahami langkah awal membangun bisnis butik, mulai dari menjual ke teman hingga membuka usaha sendiri. Seri ini mendukung pendidikan karakter dengan mengenalkan tanggung jawab dan jenjang pendidikan berbagai profesi, membantu siswa merancang cita-cita sejak dini. a7163